<?xml version="1.0" encoding="UTF-8"?>
<collection xmlns="http://www.loc.gov/MARC21/slim">
 <record>
  <leader>03553nam a2200373 a 4500</leader>
  <controlfield tag="001">1/49473</controlfield>
  <controlfield tag="008">201002s2018    gr       b    00110 gre  </controlfield>
  <datafield tag="020" ind1=" " ind2=" ">
   <subfield code="a">9789606223815</subfield>
  </datafield>
  <datafield tag="035" ind1=" " ind2=" ">
   <subfield code="l">52482</subfield>
  </datafield>
  <datafield tag="040" ind1=" " ind2=" ">
   <subfield code="a">GR-PeUP</subfield>
  </datafield>
  <datafield tag="082" ind1="0" ind2="0">
   <subfield code="a">332.1068 ΧΡΙ</subfield>
  </datafield>
  <datafield tag="100" ind1="1" ind2=" ">
   <subfield code="a">Χριστιανοπούλου , Ελευθερία.</subfield>
  </datafield>
  <datafield tag="245" ind1="1" ind2="0">
   <subfield code="a">Τραπεζική χρηματοδότηση επιχειρήσεων :</subfield>
   <subfield code="b">ζητήματα αστικού δικαίου από τις εγγυήσεις του δημοσίου /</subfield>
   <subfield code="c">Ελευθερία Χριστιανοπούλου.</subfield>
  </datafield>
  <datafield tag="250" ind1=" " ind2=" ">
   <subfield code="a">2η έκδ.</subfield>
  </datafield>
  <datafield tag="260" ind1="0" ind2=" ">
   <subfield code="a">Αθήνα :</subfield>
   <subfield code="b">Νομική Βιβλιοθήκη,</subfield>
   <subfield code="c">2018.</subfield>
  </datafield>
  <datafield tag="300" ind1=" " ind2=" ">
   <subfield code="a">197 σ. ;</subfield>
   <subfield code="c">24 εκ.</subfield>
  </datafield>
  <datafield tag="500" ind1=" " ind2=" ">
   <subfield code="a">Τίτλος στα αγγλικά: Bank financing of enterprises. Civil law issues related to the guarantees. - 2nd ed.</subfield>
  </datafield>
  <datafield tag="500" ind1=" " ind2=" ">
   <subfield code="a">Περιεχόμενα: Εγγυήσεις του Δημοσίου υπέρ επιχειρήσεων και κρατικές ενισχύσεις -- Ο Ν 2322/1995 - πρώτη προσέγγιση -- Διαδικασία παροχής της εγγύησης του Δημοσίου για την τραπεζική χρηματοδότηση επιχειρήσεων -- Οι νόμιμες προϋποθέσεις υπαγωγής -- Η νομική φύση της εγγύησης του Δημοσίου για την τραπεζική χρηματοδότηση επιχειρήσεων -- Οι εξασφαλίσεις της χρηματοδότησης με την εγγύηση του Δημοσίου -- Η λειτουργία της χρηματοδοτικής σχέσης -- Έκταση της εγγυητικής ευθύνης -- Προϋποθέσεις κατάπτωσης της εγγύησης του Δημοσίου -- Η υποκατάσταση του Δημοσίου στα δικαιώματα της δανείστριας τράπεζας -- Ενστάσεις του Δημοσίου, ως εγγυητή -- Εγγύηση ορισμένου χρόνου -- Ζητήματα παραγραφής -- Παράρτημα νομοθετικών κειμένων -- Υποδείγματα.</subfield>
  </datafield>
  <datafield tag="504" ind1=" " ind2=" ">
   <subfield code="a">Περιλαμβάνει βιβλιογραφία (σ. [179]-184) και ευρετήριο δικαστικών αποφάσεων και ευρετήριο όρων.</subfield>
  </datafield>
  <datafield tag="650" ind1=" " ind2="4">
   <subfield code="a">Επιχειρήσεις</subfield>
   <subfield code="x">Χρηματοδότηση.</subfield>
  </datafield>
  <datafield tag="650" ind1=" " ind2="4">
   <subfield code="a">Corporations</subfield>
   <subfield code="x">Finance</subfield>
   <subfield code="x">Law and legislation.</subfield>
  </datafield>
  <datafield tag="650" ind1=" " ind2="4">
   <subfield code="a">Warranty.</subfield>
  </datafield>
  <datafield tag="650" ind1=" " ind2="4">
   <subfield code="a">Αστικό δίκαιο</subfield>
   <subfield code="x">Ελλάδα.</subfield>
  </datafield>
  <datafield tag="650" ind1=" " ind2="4">
   <subfield code="a">Δάνεια, Δημόσια.</subfield>
  </datafield>
  <datafield tag="650" ind1=" " ind2="4">
   <subfield code="a">Δάνεια</subfield>
   <subfield code="x">Δίκαιο και νομοθεσία.</subfield>
  </datafield>
  <datafield tag="650" ind1=" " ind2="4">
   <subfield code="a">Κρατικές επιχορηγήσεις.</subfield>
  </datafield>
  <datafield tag="650" ind1=" " ind2="4">
   <subfield code="a">Τράπεζες και τραπεζικές εργασίες</subfield>
   <subfield code="x">Διαχείριση κινδύνου.</subfield>
  </datafield>
  <datafield tag="650" ind1=" " ind2="4">
   <subfield code="a">Τραπεζικό δίκαιο.</subfield>
  </datafield>
  <datafield tag="650" ind1=" " ind2="4">
   <subfield code="a">Bank loans</subfield>
   <subfield code="x">Greece.</subfield>
  </datafield>
  <datafield tag="650" ind1=" " ind2="4">
   <subfield code="a">Bank loans</subfield>
   <subfield code="x">Law and legislation.</subfield>
  </datafield>
  <datafield tag="852" ind1=" " ind2=" ">
   <subfield code="a">INST</subfield>
   <subfield code="b">UNIPILB</subfield>
   <subfield code="c">MAIN</subfield>
   <subfield code="e">20201002</subfield>
   <subfield code="h">332.1068 ΧΡΙ</subfield>
   <subfield code="p">00183613</subfield>
   <subfield code="q">00183613</subfield>
   <subfield code="t">LOAN</subfield>
   <subfield code="y">0</subfield>
   <subfield code="4">1</subfield>
  </datafield>
  <datafield tag="852" ind1=" " ind2=" ">
   <subfield code="a">INST</subfield>
   <subfield code="b">UNIPILB</subfield>
   <subfield code="c">MAIN</subfield>
   <subfield code="e">20201002</subfield>
   <subfield code="h">332.1068 ΧΡΙ</subfield>
   <subfield code="p">00183614</subfield>
   <subfield code="q">00183614</subfield>
   <subfield code="t">LOAN</subfield>
   <subfield code="y">0</subfield>
   <subfield code="4">2</subfield>
  </datafield>
  <datafield tag="852" ind1=" " ind2=" ">
   <subfield code="a">INST</subfield>
   <subfield code="b">UNIPILB</subfield>
   <subfield code="c">MAIN</subfield>
   <subfield code="e">20201002</subfield>
   <subfield code="h">332.1068 ΧΡΙ</subfield>
   <subfield code="p">00183615</subfield>
   <subfield code="q">00183615</subfield>
   <subfield code="t">LOAN</subfield>
   <subfield code="y">0</subfield>
   <subfield code="4">3</subfield>
  </datafield>
  <datafield tag="852" ind1=" " ind2=" ">
   <subfield code="a">INST</subfield>
   <subfield code="b">UNIPILB</subfield>
   <subfield code="c">MAIN</subfield>
   <subfield code="e">20201002</subfield>
   <subfield code="h">332.1068 ΧΡΙ</subfield>
   <subfield code="p">00183616</subfield>
   <subfield code="q">00183616</subfield>
   <subfield code="t">LOAN</subfield>
   <subfield code="y">0</subfield>
   <subfield code="4">4</subfield>
  </datafield>
 </record>
</collection>
